Paralleľnoje programmirovanije daľ mnogomoduľnych sistem /

Saved in:
Bibliographic Details
Main Author: Mirenkov, Nikolaj Nikolajevič (Author)
Format: Book
Language:Russian
Published: Moskva : Radio i svjaz, 1989
Tags: Add Tag
No Tags, Be the first to tag this record!

MARC

LEADER 00000nam a22000003a 4500
001 stu3684
005 20150617225813.8
008 930423s1989----xxr-----------------rus-d
040 |a STU  |b slo 
041 0 |a rus 
044 |a xxr 
080 |a 681.32.013 
080 |a 519.687 
100 1 |a Mirenkov, Nikolaj Nikolajevič  |4 aut 
245 1 |a Paralleľnoje programmirovanije daľ mnogomoduľnych sistem /  |c [aut.] Mirenkov,Nikolaj Nikolajevič 
260 |a Moskva :  |b Radio i svjaz,  |c 1989 
300 |a 317 s 
996 |c I*18PD4046  |l I  |s A  |a 24  |w stu3684_0001